000 01216pam a2200313 a 4500
001 1072394
003 NUST - PNEC
005 20170116181049.0
008 911125s1993 nyua b 001 0 eng
010 _a 91045095
020 _a007017539X
040 _aDLC
_cLIBRARY
_dDLC
050 0 0 _aTL671.6
_b.D56 1993
082 0 0 _a629.13431 DON
100 1 _aDonaldson, Bruce K.
245 1 0 _aAnalysis of aircraft structures :
_ban introduction /
_cBruce K. Donaldson.
260 _aNew York :
_bMcGraw-Hill,
_cc1993.
300 _axl, 935 p. :
_bill. ;
_c25 cm.
440 0 _aMcGraw-Hill series in aeronautical and aerospace engineering
504 _aIncludes bibliographical references (p. 928-930) and index.
650 0 _aAirframes.
_xME
650 0 _aStructural analysis (Engineering)
650 0 _aVehicles
_xDesign and construction.
856 4 2 _3Publisher description
_uhttp://www.loc.gov/catdir/description/mh022/91045095.html
856 4 1 _3Table of contents
_uhttp://www.loc.gov/catdir/toc/mh021/91045095.html
906 _a7
_bcbc
_corignew
_d1
_eocip
_f19
_gy-gencatlg
942 _2ddc
_cBK
999 _c68337
_d68337